000 00648nam a2200193 a 4500
001 000025045
005 20200930023529.0
008 110209s1998 ck r 000 p spa d
020 _a9583600539
040 _aDO-SdBNP
_bspa
_cBNPHU
082 _aCo861.44
_bQ52c
100 1 _aQuessep, Giovanni
_qGiovanni Quessep Esguerra
_d1939-
_914407
245 1 0 _aCarta imaginaria /
_cGiovanni Quessep.
260 _aBogotá, (Colombia) :
_bEl Áncora Editores,
_c1998.
300 _a54 p. ; 21 cm. ;
_c21 cm.
500 _aLibro reseñado en : Boletín cultural y bibliográfico
650 4 _aPoesía colombiana
_93742
650 4 _aLiteratura colombiana
_91244
999 _c24538
_d24538